00550nam a2200133 a 450000100100000000500170001000800410002704000250006808200140009311001020010724500830020926001020029230000220039400002884120200930055154.0110412s2010 dr 000 0 spa d aDO-SdBNPbspacBNPHU axxxbxxxx2 aRepública DominicanabMinisterio de EducaciónbVice ministerio de Participación Comunitaria10aMetodología de relación escuela comunidad, apoyando la escuela efectiva /. aSanto Domingo :bPrograma de Iniciativas Locales de la Sociedad Civil,c2010fImpresora Mediabyte a38 p. : ;c28 cm.